| Tag |
First Indicator |
Second Indicator |
Subfields |
| LEADER |
00000cam a2200000 i 4500 |
| 001 |
in00000026202 |
| 005 |
20151007061208.0 |
| 008 |
780417s1931 nyua 00010 engm |
| 010 |
|
|
|a 32014974
|
| 035 |
|
|
|a (OCoLC)03807018
|
| 035 |
|
|
|9 AAD1393AM
|
| 040 |
|
|
|a DLC
|c NIE
|d TXA
|d UtOrBLW
|
| 049 |
|
|
|a TXAM
|c [83306]
|
| 050 |
|
0 |
|a QP37
|b .K5
|
| 092 |
|
|
|a 613
|b K49j
|
| 100 |
1 |
|
|a Kimball, Alice Mary.
|
| 245 |
1 |
4 |
|a The Judd family :
|b a story of cleanliness in three centuries /
|c by Alice Mary Kimball & Mary Alden Hopkins; illustrated by Warren Chappell.
|
| 264 |
|
1 |
|a New York :
|b School service, Cleanliness institute,
|c [1931]
|
| 264 |
|
4 |
|c [©1931]
|
| 300 |
|
|
|a 2 pages ., [7]-118 pages :
|b color illustrations ;
|c 19 cm.
|
| 336 |
|
|
|a text
|b txt
|2 rdacontent
|
| 337 |
|
|
|a unmediated
|b n
|2 rdamedia
|
| 338 |
|
|
|a volume
|b nc
|2 rdacarrier
|
| 650 |
|
0 |
|a Hygiene
|v Juvenile literature.
|
| 650 |
|
0 |
|a Readers
|x Hygiene.
|
| 700 |
1 |
|
|a Hopkins, Mary Alden.
|
| 999 |
|
|
|a MARS
|
| 999 |
f |
f |
|s bc90c432-4bf9-35fa-bd25-513637aaf84d
|i 92a2d0f7-5708-3473-a7ba-9b015d10bd58
|t 0
|
| 952 |
f |
f |
|p ric
|a Texas A&M University
|b Rellis Campus
|c Joint Library Facility
|d Remote Storage
|t 0
|e QP37 .K5
|h Library of Congress classification
|i unmediated -- volume
|m A14801028422
|
| 998 |
f |
f |
|a QP37 .K5
|t 0
|l Remote Storage
|